[Event "ESP-ch 83rd"]
[Site "Linares"]
[Date "2018.08.28"]
[Round "9"]
[White "Perez Perez, Gabriel"]
[Black "Blazquez Gomez, Juan Carlos"]
[Result "1/2-1/2"]
[WhiteElo "2058"]
[BlackElo "2240"]
[PlyCount "87"]
[EventDate "2018.08.20"]
[EventType "swiss"]
[EventRounds "9"]
[EventCountry "ESP"]
[SourceTitle "CBM 186 Extra"]
[Source "ChessBase"]
[SourceDate "2018.08.24"]
[SourceVersion "1"]
[SourceVersionDate "2018.08.24"]
[SourceQuality "1"]

1. e4 g6 2. d4 Bg7 3. Nc3 c6 4. f4 d6 5. Nf3 Nf6 6. e5 Nd5 7. Nxd5 cxd5 8. Bd3 Nc6 9. 0-0 Nb4 10. Bb5+ Bd7 11. Qe2 0-0 12. c3 Nc6 13. Bd3 Qb8 14. Ng5 h6 15. Nf3 Bg4 16. e6 Bxe6 17. Bxg6 Qc8 18. Bd3 Bf5 19. Nh4 Bxd3 20. Qxd3 f5 21. Bd2 Qd7 22. b4 Rae8 23. a4 Rf7 24. a5 e6 25. b5 Ne7 26. Rae1 Bf6 27. Nf3 Kh8 28. Kh1 Ng8 29. c4 dxc4 30. Qxc4 d5 31. Qe2 Bg7 32. Ne5 Bxe5 33. fxe5 Rg7 34. Rf4 Rc8 35. Rh4 Rg6 36. h3 Qe7 37. Qh5 Kg7 38. g4 Rf8 39. g5 Qa3 40. gxh6+ Kh7 41. Re3 Qa1+ 42. Re1 Qb2 43. Qe2 Rc8 44. Qd3 1/2-1/2

[Event "ESP-ch rapid"]
[Site "Linares"]
[Date "2018.08.19"]
[Round "2"]
[White "Blazquez Gomez, Juan Carlos"]
[Black "Arjol Lopez, Daniel"]
[Result "0-1"]
[WhiteElo "2240"]
[BlackElo "2137"]
[PlyCount "76"]
[EventDate "2018.08.19"]
[EventType "swiss (rapid)"]
[EventRounds "9"]
[EventCountry "ESP"]
[SourceTitle "CBM 186 Extra"]
[Source "ChessBase"]
[SourceDate "2018.08.24"]
[SourceVersion "1"]
[SourceVersionDate "2018.08.24"]
[SourceQuality "1"]

1. e4 c5 2. a3 g6 3. b4 Bg7 4. Nc3 cxb4 5. axb4 d6 6. g3 Nf6 7. Bg2 0-0 8. Nge2 e6 9. 0-0 d5 10. exd5 Nxd5 11. Rb1 a6 12. Rb3 Nc6 13. Nxd5 exd5 14. Bb2 Bxb2 15. Rxb2 Bg4 16. h3 Qf6 17. c3 Be6 18. b5 Ne5 19. Nf4 Nc4 20. Rb1 Na3 21. Rb4 Nxb5 22. Bxd5 Bxd5 23. Nxd5 Qe5 24. Qf3 f5 25. Nf4 Nd6 26. Nd3 Qa5 27. h4 Ne4 28. Qf4 Rad8 29. Ne5 Nxd2 30. Rxb7 Qxe5 31. Qh6 Nf3+ 32. Kg2 Ng5 33. Kg1 Nf7 34. Qc1 Qe4 35. Qb2 Ne5 36. Qa2+ Qd5 37. Qxa6 Nf3+ 38. Kg2 Ne1+ 0-1

[Event "Cullera op-A 25th"]
[Site "Cullera"]
[Date "2004.07.29"]
[Round "9"]
[White "Blazquez Gomez, Juan Carlos"]
[Black "Villalba Izquierdo, Pere"]
[Result "1/2-1/2"]
[WhiteElo "2265"]
[BlackElo "2188"]
[PlyCount "64"]
[EventDate "2004.07.??"]
[EventType "swiss"]
[EventRounds "9"]
[EventCountry "ESP"]
[SourceTitle "CBM 101 Extra"]
[Source "ChessBase"]
[SourceDate "2004.09.01"]
[SourceVersion "2"]
[SourceVersionDate "2004.09.01"]
[SourceQuality "1"]

1. e4 g6 2. d4 Bg7 3. Nc3 c6 4. Nf3 d5 5. Bd3 Bg4 6. e5 e6 7. Ne2 Bxf3 8. gxf3 c5 9. c3 Nc6 10. h4 h5 11. b4 cxb4 12. cxb4 Nxb4 13. Qa4+ Nc6 14. Rb1 Qc7 15. Bb5 Nge7 16. Ba3 Nf5 17. Ng3 Nxg3 18. fxg3 Bf8 19. Kd2 Kd8 20. Bxc6 Qxc6 21. Qxc6 bxc6 22. Bxf8 Rxf8 23. Rb7 Rc8 24. Rxa7 Rc7 25. Ra6 Kd7 26. Rb1 Rfc8 27. Ra5 c5 28. dxc5 Rxc5 29. Rb7+ R5c7 30. Rxc7+ Rxc7 31. Ra8 Rb7 32. Ke3 Ke7 1/2-1/2

[Event "Cullera op-A 25th"]
[Site "Cullera"]
[Date "2004.07.28"]
[Round "8"]
[White "Blazquez Gomez, Juan Carlos"]
[Black "Cano Gimenez, Vicente"]
[Result "1/2-1/2"]
[WhiteElo "2265"]
[BlackElo "2203"]
[PlyCount "100"]
[EventDate "2004.07.??"]
[EventType "swiss"]
[EventRounds "9"]
[EventCountry "ESP"]
[SourceTitle "CBM 101 Extra"]
[Source "ChessBase"]
[SourceDate "2004.09.01"]
[SourceVersion "2"]
[SourceVersionDate "2004.09.01"]
[SourceQuality "1"]

1. e4 c5 2. Nf3 g6 3. d4 Bg7 4. c4 cxd4 5. Nxd4 Nc6 6. Be3 Nf6 7. Nc3 0-0 8. Be2 d6 9. 0-0 Bd7 10. Rb1 Nxd4 11. Bxd4 Bc6 12. Qd3 a5 13. Nd5 Nd7 14. Bxg7 Kxg7 15. f4 Bxd5 16. exd5 Rc8 17. Kh1 Nc5 18. Qd4+ Kg8 19. f5 Nd7 20. fxg6 hxg6 21. Rbc1 Qb6 22. Qd2 Ne5 23. b3 Kg7 24. Qg5 f6 25. Qg3 Rh8 26. h3 Qd4 27. Rce1 Qh4 28. Qe3 g5 29. Bd1 a4 30. Bc2 axb3 31. axb3 Ra8 32. c5 Rac8 33. c6 bxc6 34. Bf5 cxd5 35. Bxc8 Rxc8 36. Qa7 Kf7 37. Qb7 Re8 38. Qxd5+ Kf8 39. Re4 Qg3 40. Qe6 Rb8 41. b4 Rb6 42. Rc1 Rb8 43. b5 Rxb5 44. Rc8+ Kg7 45. Qxe7+ Kg6 46. Rc1 Rb2 47. Rg1 Nf3 48. Qe8+ Kf5 49. Qe6+ Kg6 50. Qg8+ Kh6 1/2-1/2

[Event "Cullera op-A 25th"]
[Site "Cullera"]
[Date "2004.07.26"]
[Round "6"]
[White "Blazquez Gomez, Juan Carlos"]
[Black "Navarro Ortiz de Orruno, Pablo"]
[Result "1/2-1/2"]
[WhiteElo "2265"]
[BlackElo "2068"]
[PlyCount "85"]
[EventDate "2004.07.??"]
[EventType "swiss"]
[EventRounds "9"]
[EventCountry "ESP"]
[SourceTitle "CBM 101 Extra"]
[Source "ChessBase"]
[SourceDate "2004.09.01"]
[SourceVersion "2"]
[SourceVersionDate "2004.09.01"]
[SourceQuality "1"]

1. e4 e6 2. d3 c5 3. Nd2 g6 4. Ngf3 Bg7 5. g3 Ne7 6. Bg2 Nbc6 7. 0-0 0-0 8. c3 d6 9. Re1 e5 10. Nf1 h6 11. Nh4 f5 12. exf5 gxf5 13. f4 Be6 14. Be3 b6 15. Qd2 Kh7 16. Bf3 Qd7 17. Ng2 Rad8 18. Bf2 c4 19. dxc4 Bxc4 20. Nfe3 Be6 21. Nc2 b5 22. Be2 Qb7 23. Rad1 a5 24. Na3 b4 25. Nb5 Bxa2 26. Qc2 Bd5 27. Ne3 Be4 28. Qa4 d5 29. fxe5 Bxe5 30. Nd4 Nxd4 31. cxd4 Bc7 32. Rc1 f4 33. Nf1 Qc8 34. Bd3 Bxd3 35. Rxe7+ Kh8 36. Qd1 fxg3 37. Qxd3 gxf2+ 38. Kh1 Qf5 39. Qxf5 Rxf5 40. Rcxc7 Rg5 41. h4 Rg1+ 42. Kh2 Rxf1 43. Rh7+ 1/2-1/2

[Event "Cullera op-A 25th"]
[Site "Cullera"]
[Date "2004.07.25"]
[Round "5"]
[White "Sanchez Jerez, Emilio Miguel"]
[Black "Blazquez Gomez, Juan Carlos"]
[Result "0-1"]
[WhiteElo "2033"]
[BlackElo "2265"]
[PlyCount "74"]
[EventDate "2004.07.??"]
[EventType "swiss"]
[EventRounds "9"]
[EventCountry "ESP"]
[SourceTitle "CBM 101 Extra"]
[Source "ChessBase"]
[SourceDate "2004.09.01"]
[SourceVersion "2"]
[SourceVersionDate "2004.09.01"]
[SourceQuality "1"]

1. Nf3 Nf6 2. g3 g6 3. Bg2 Bg7 4. 0-0 0-0 5. d3 d5 6. Na3 c6 7. c4 b6 8. Rb1 Nbd7 9. b4 e5 10. b5 c5 11. cxd5 Nxd5 12. Bb2 Bb7 13. Nc4 Qe7 14. Qb3 Rab8 15. Ncxe5 Nxe5 16. Nxe5 Bxe5 17. Bxd5 Bxd5 18. Qxd5 Bxb2 19. Rxb2 Rbd8 20. Qf3 Rd4 21. Rc1 Qe6 22. Rc3 Rfd8 23. Rbb3 h5 24. e3 R4d7 25. h4 Rd5 26. Kg2 R8d6 27. a4 Qd7 28. Qe4 Kg7 29. Ra3 Re6 30. Qc4 g5 31. hxg5 Rxg5 32. d4 Re4 33. f4 Rg6 34. Qd3 Qd5 35. dxc5 Rd4+ 36. e4 Rxd3 37. exd5 Rgxg3+ 0-1

[Event "Cullera op-A 25th"]
[Site "Cullera"]
[Date "2004.07.21"]
[Round "2"]
[White "Casero Alcaniz, Pablo"]
[Black "Blazquez Gomez, Juan Carlos"]
[Result "1/2-1/2"]
[WhiteElo "2129"]
[BlackElo "2265"]
[PlyCount "77"]
[EventDate "2004.07.??"]
[EventType "swiss"]
[EventRounds "9"]
[EventCountry "ESP"]
[SourceTitle "CBM 101 Extra"]
[Source "ChessBase"]
[SourceDate "2004.09.01"]
[SourceVersion "2"]
[SourceVersionDate "2004.09.01"]
[SourceQuality "1"]

1. Nf3 Nf6 2. b4 d6 3. Bb2 e5 4. c4 Be7 5. e3 0-0 6. d4 exd4 7. Nxd4 c5 8. bxc5 dxc5 9. Nb5 Qxd1+ 10. Kxd1 Na6 11. a3 Ng4 12. Ke1 Be6 13. Be2 Rfd8 14. h3 Nf6 15. Nd2 Rd7 16. Rd1 Nc7 17. Nxc7 Rxc7 18. g4 Nd7 19. f4 f6 20. h4 Re8 21. Kf2 Nb6 22. Rc1 Bf7 23. g5 Rd7 24. Nf1 Bd8 25. gxf6 Bxf6 26. Bxf6 gxf6 27. h5 h6 28. Rc2 Nc8 29. Ng3 Nd6 30. Rd1 Red8 31. Rcd2 f5 32. Ke1 Be6 33. Bf3 Kf7 34. Bd5 Ke7 35. Bxe6 Kxe6 36. Rd5 Nxc4 37. Rxd7 Rxd7 38. Rxd7 Kxd7 39. Nxf5 1/2-1/2

[Event "Murrieta Hotel 1st"]
[Site "Spain"]
[Date "2004.??.??"]
[Round "9"]
[White "Andres Gonzalez, Ivan"]
[Black "Blazquez Gomez, Juan Carlos"]
[Result "1/2-1/2"]
[WhiteElo "2260"]
[BlackElo "2265"]
[PlyCount "25"]
[EventDate "2004.??.??"]
[EventType "tourn"]
[EventRounds "9"]
[EventCountry "ESP"]
[EventCategory "3"]
[SourceTitle "EXT 2007"]
[Source "ChessBase"]
[SourceDate "2006.11.23"]
[SourceVersion "1"]
[SourceVersionDate "2006.11.23"]
[SourceQuality "1"]

1. d4 Nf6 2. Nf3 d6 3. Bg5 Nbd7 4. Nc3 e6 5. e4 Be7 6. Bd3 e5 7. Bc4 c6 8. a4 0-0 9. dxe5 Nxe5 10. Nxe5 dxe5 11. 0-0 Nd7 12. Be3 Bc5 13. Qd3 1/2-1/2

[Event "Murrieta Hotel 1st"]
[Site "Spain"]
[Date "2004.??.??"]
[Round "4"]
[White "Blazquez Gomez, Juan Carlos"]
[Black "Barrientos Chavarriaga, Sergio E"]
[Result "0-1"]
[WhiteElo "2265"]
[BlackElo "2395"]
[PlyCount "64"]
[EventDate "2004.??.??"]
[EventType "tourn"]
[EventRounds "9"]
[EventCountry "ESP"]
[EventCategory "3"]
[SourceTitle "EXT 2007"]
[Source "ChessBase"]
[SourceDate "2006.11.23"]
[SourceVersion "1"]
[SourceVersionDate "2006.11.23"]
[SourceQuality "1"]

1. e4 c5 2. Nf3 Nc6 3. d3 g6 4. g3 Bg7 5. Bg2 e6 6. 0-0 Nge7 7. c3 b6 8. Bf4 e5 9. Bg5 0-0 10. Na3 h6 11. Be3 d5 12. c4 dxe4 13. dxe4 Nd4 14. Nb5 Bg4 15. h3 Nxf3+ 16. Bxf3 Bxh3 17. Qxd8 Raxd8 18. Rfd1 Be6 19. b3 Nc6 20. Nc7 Bc8 21. Rxd8 Rxd8 22. Nd5 Kh7 23. Kg2 Nd4 24. Bxd4 exd4 25. Rd1 h5 26. Nf4 Re8 27. Nd3 Bb7 28. Re1 f6 29. a4 g5 30. Bxh5 Rxe4 31. Bf3 f5 32. g4 Rxg4+ 0-1

[Event "ESP-chT2"]
[Site "Vila Real"]
[Date "2001.08.14"]
[Round "2"]
[White "Camarena Gimenez, Rufino"]
[Black "Blazquez Gomez, Juan Carlos"]
[Result "0-1"]
[WhiteElo "2328"]
[BlackElo "2269"]
[PlyCount "42"]
[EventDate "2001.08.13"]
[EventType "team"]
[EventRounds "7"]
[EventCountry "ESP"]
[SourceTitle "EXT 2002"]
[Source "ChessBase"]
[SourceDate "2001.11.25"]
[SourceVersion "1"]
[SourceVersionDate "2001.11.25"]
[SourceQuality "1"]

1. d4 Nf6 2. c4 g6 3. Nc3 Bg7 4. e4 d6 5. Be2 0-0 6. Nf3 e5 7. 0-0 Nc6 8. d5 Ne7 9. Bd2 c5 10. dxc6 bxc6 11. Bg5 Qc7 12. c5 d5 13. exd5 Nexd5 14. Nxd5 Nxd5 15. Qa4 Rb8 16. Bd2 Rxb2 17. Ba5 Qe7 18. Rfe1 e4 19. Nd4 e3 20. f4 Nxf4 21. Bf3 Nh3+ 0-1

[Event "ESP-chT"]
[Site "Barcelona"]
[Date "2000.08.12"]
[Round "8"]
[White "Oltra Caurin, Ramon"]
[Black "Blazquez Gomez, Juan Carlos"]
[Result "1-0"]
[WhiteElo "2417"]
[BlackElo "2269"]
[PlyCount "99"]
[EventDate "2000.08.05"]
[EventType "team"]
[EventRounds "9"]
[EventCountry "ESP"]
[SourceTitle "CBM 077 Extra"]
[Source "ChessBase"]
[SourceDate "2000.09.14"]
[SourceVersion "1"]
[SourceVersionDate "2000.09.14"]
[SourceQuality "1"]

1. d4 Nc6 2. Nf3 d6 3. g3 Nf6 4. Bg2 Bg4 5. h3 Bh5 6. 0-0 e5 7. d5 Bxf3 8. exf3 Nb8 9. f4 exf4 10. Bxf4 Be7 11. c4 Nfd7 12. Nc3 0-0 13. Qd2 a5 14. Rfe1 Na6 15. Nb5 Bf6 16. Rad1 Nac5 17. Qc2 Ne5 18. Be3 b6 19. f4 Ng6 20. Bf2 Qd7 21. h4 Ne7 22. Kh2 Rae8 23. a3 Na6 24. Bh3 Qd8 25. Nd4 Kh8 26. Qd2 Nc5 27. b4 axb4 28. axb4 Bxd4 29. Bxd4 Nd7 30. Qc3 Rg8 31. h5 h6 32. Ra1 c5 33. dxc6 Nxc6 34. Bf2 Nf6 35. b5 Na5 36. Bd4 Nxh5 37. Bg2 Re6 38. Bd5 Rg6 39. Re3 Rf8 40. Rae1 Nf6 41. Re7 Nh5 42. Bf2 Re6 43. R7xe6 fxe6 44. Rxe6 Nf6 45. Bd4 h5 46. Bf3 Kh7 47. Qd3+ Kh8 48. Qg6 Nxc4 49. Bxf6 gxf6 50. Bd5 1-0

[Event "ESP-chT"]
[Site "Barcelona"]
[Date "2000.08.08"]
[Round "4"]
[White "Garbisu de Goni, Unai"]
[Black "Blazquez Gomez, Juan Carlos"]
[Result "1-0"]
[WhiteElo "2428"]
[BlackElo "2269"]
[PlyCount "84"]
[EventDate "2000.08.05"]
[EventType "team"]
[EventRounds "9"]
[EventCountry "ESP"]
[SourceTitle "CBM 077 Extra"]
[Source "ChessBase"]
[SourceDate "2000.09.14"]
[SourceVersion "1"]
[SourceVersionDate "2000.09.14"]
[SourceQuality "1"]

1. e4 d5 2. exd5 Nf6 3. Nf3 Nxd5 4. d4 g6 5. Bd3 Bg7 6. 0-0 0-0 7. c3 Bg4 8. Re1 e6 9. h3 Bxf3 10. Qxf3 c6 11. Nd2 Nd7 12. Nc4 Qc7 13. Be4 b5 14. Ne3 N7f6 15. Bd3 a6 16. Bd2 Nxe3 17. Bxe3 Nd5 18. Bg5 Rfe8 19. Be4 Rac8 20. Rac1 f5 21. Bd3 h6 22. Bd2 Nb6 23. Bf4 Qf7 24. Re2 Nd7 25. Rce1 Kh7 26. h4 Qf6 27. h5 g5 28. Bd6 Kh8 29. Bxf5 Nf8 30. Be5 Qf7 31. Bg4 Qxf3 32. Bxf3 c5 33. d5 Rcd8 34. Bxg7+ Kxg7 35. dxe6 Rd6 36. e7 Nd7 37. Re6 Rxe6 38. Rxe6 Kf7 39. Rxh6 Kxe7 40. Rxa6 Kf7 41. h6 Nf6 42. g3 Rh8 1-0

[Event "ESP-chT"]
[Site "Barcelona"]
[Date "2000.08.07"]
[Round "3"]
[White "Blazquez Gomez, Juan Carlos"]
[Black "Braga, Fernando Alberto"]
[Result "0-1"]
[WhiteElo "2269"]
[BlackElo "2455"]
[PlyCount "40"]
[EventDate "2000.08.05"]
[EventType "team"]
[EventRounds "9"]
[EventCountry "ESP"]
[SourceTitle "CBM 077 Extra"]
[Source "ChessBase"]
[SourceDate "2000.09.14"]
[SourceVersion "1"]
[SourceVersionDate "2000.09.14"]
[SourceQuality "1"]

1. e4 c5 2. Nf3 Nc6 3. Bb5 e6 4. 0-0 Nge7 5. d4 cxd4 6. Nbd2 a6 7. Nc4 d5 8. Bxc6+ bxc6 9. exd5 cxd5 10. Nce5 f6 11. Nd3 Nc6 12. Re1 Be7 13. Nh4 0-0 14. f4 e5 15. f5 Qe8 16. a4 Qf7 17. Qg4 g5 18. Qg3 Qg7 19. Nf3 Bxf5 20. Qf2 Bg6 0-1

[Event "Pamplona op"]
[Site "Pamplona"]
[Date "2000.??.??"]
[Round "9"]
[White "Blazquez Gomez, Juan Carlos"]
[Black "Garbisu de Goni, Unai"]
[Result "0-1"]
[WhiteElo "2281"]
[BlackElo "2424"]
[PlyCount "50"]
[EventDate "2000.??.??"]
[EventType "swiss"]
[EventRounds "9"]
[EventCountry "ESP"]
[SourceTitle "EXT 2001"]
[Source "ChessBase"]
[SourceDate "2000.11.22"]
[SourceVersion "1"]
[SourceVersionDate "2000.11.22"]
[SourceQuality "1"]

1. e4 e5 2. Nf3 Nc6 3. Bc4 Bc5 4. c3 Nf6 5. b4 Bb6 6. d3 d6 7. a4 a6 8. h3 Ne7 9. Bb3 Ng6 10. Na3 0-0 11. Nc4 Ba7 12. Bg5 Be6 13. 0-0 Re8 14. Na5 Rb8 15. b5 Bxb3 16. Nxb3 h6 17. Bc1 d5 18. Qc2 dxe4 19. dxe4 Nf4 20. Bxf4 exf4 21. e5 Nd7 22. Nbd4 Nxe5 23. Nxe5 Rxe5 24. bxa6 Qd5 25. Nb5 Rg5 0-1

[Event "Pamplona op"]
[Site "Pamplona"]
[Date "2000.??.??"]
[Round "6"]
[White "Skripchenko, Almira"]
[Black "Blazquez Gomez, Juan Carlos"]
[Result "1-0"]
[WhiteElo "2444"]
[BlackElo "2281"]
[PlyCount "67"]
[EventDate "2000.??.??"]
[EventType "swiss"]
[EventRounds "9"]
[EventCountry "ESP"]
[SourceTitle "EXT 2001"]
[Source "ChessBase"]
[SourceDate "2000.11.22"]
[SourceVersion "1"]
[SourceVersionDate "2000.11.22"]
[SourceQuality "1"]

1. e4 d5 2. exd5 Nf6 3. Nf3 Nxd5 4. d4 g6 5. c4 Nb6 6. Nc3 Bg7 7. Be3 0-0 8. Be2 Bg4 9. h3 Bxf3 10. Bxf3 Nc6 11. Bxc6 bxc6 12. c5 Nd5 13. Qa4 Nxe3 14. fxe3 e5 15. 0-0 exd4 16. Rad1 Rb8 17. exd4 Rxb2 18. Qxc6 Re8 19. Qf3 f5 20. Kh1 Bh6 21. Rd3 Qe7 22. d5 Rd8 23. Rfd1 Bg7 24. d6 cxd6 25. cxd6 Qb7 26. Nd5 Rb1 27. Ne7+ Kf8 28. Nc6 Rd7 29. Rxb1 Qxb1+ 30. Rd1 Qb6 31. Qd5 Qe3 32. Nb8 Rd8 33. d7 Rxb8 34. Qd6+ 1-0

[Event "ESP-chT Div 2"]
[Site "Cala Galdana"]
[Date "1999.11.15"]
[Round "8"]
[White "Blazquez Gomez, Juan Carlos"]
[Black "Gonzalez Diaz, Julio"]
[Result "1-0"]
[WhiteElo "2270"]
[BlackElo "2216"]
[PlyCount "65"]
[EventDate "1999.11.08"]
[EventType "team"]
[EventRounds "9"]
[EventCountry "ESP"]
[SourceTitle "EXT 2002"]
[Source "ChessBase"]
[SourceDate "2001.11.25"]
[SourceVersion "1"]
[SourceVersionDate "2001.11.25"]
[SourceQuality "1"]

1. e4 Nc6 2. Nf3 d6 3. d4 Nf6 4. Nbd2 g6 5. Bb5 a6 6. Bxc6+ bxc6 7. 0-0 Bg7 8. c3 0-0 9. Re1 Nd7 10. Nc4 a5 11. Bg5 Nb6 12. Nxb6 cxb6 13. d5 c5 14. Qd2 Bg4 15. Nh4 b5 16. Qf4 Bd7 17. Qg3 h6 18. Be3 Kh7 19. f4 Rg8 20. Nf3 f6 21. Rad1 Rf8 22. e5 fxe5 23. fxe5 Bf5 24. e6 g5 25. Bxg5 hxg5 26. Nxg5+ Kg8 27. Nf7 Rxf7 28. exf7+ Kf8 29. Rf1 Qd7 30. h4 e5 31. dxe6 Qxe6 32. Rxf5 Rd8 33. Rg5 1-0

[Event "ESP-chT Div 2"]
[Site "Cala Galdana"]
[Date "1999.11.11"]
[Round "4"]
[White "Blazquez Gomez, Juan Carlos"]
[Black "Cramling, Pia"]
[Result "0-1"]
[WhiteElo "2270"]
[BlackElo "2504"]
[PlyCount "98"]
[EventDate "1999.11.08"]
[EventType "team"]
[EventRounds "9"]
[EventCountry "ESP"]
[SourceTitle "CBM 073 Extra"]
[Source "ChessBase"]
[SourceDate "2000.01.11"]
[SourceVersion "1"]
[SourceVersionDate "2000.01.11"]
[SourceQuality "1"]

1. e4 c5 2. Nf3 e6 3. d4 cxd4 4. Nxd4 Nc6 5. Nc3 Qc7 6. Be3 a6 7. Be2 b5 8. 0-0 Bb7 9. Bf3 Ne5 10. Re1 Nf6 11. Bf4 d6 12. Bh5 g6 13. Be2 b4 14. Na4 Nxe4 15. a3 bxa3 16. Rxa3 Bg7 17. f3 Nc5 18. Nxc5 Qxc5 19. Be3 Qc7 20. Bb5+ Ke7 21. Rc3 Qd8 22. Bc4 Nxc4 23. Bg5+ Bf6 24. Bxf6+ Kxf6 25. Rxc4 Bd5 26. Ra4 Qb6 27. Kh1 Qxb2 28. Qd2 Rhc8 29. Qh6 e5 30. h4 exd4 31. Qg5+ Kg7 32. Qxd5 Rxc2 33. Re7 Qc1+ 34. Kh2 Qf4+ 35. Kh3 Rc1 36. Qxd4+ Qxd4 37. Rxd4 Rc6 38. Rf4 Rf8 39. Ra7 d5 40. g4 Rd6 41. Rd4 Kf6 42. Kg3 Ke5 43. Ra4 d4 44. Ra5+ Ke6 45. Kf4 d3 46. R7xa6 d2 47. Rxd6+ Kxd6 48. Ra1 Re8 49. Rd1 Re2 0-1

[Event "ESP-chTB"]
[Site "Oropesa del Mar"]
[Date "1996.??.??"]
[Round "7"]
[White "Blazquez Gomez, Juan Carlos"]
[Black "Cacho Reigadas, Sergio"]
[Result "0-1"]
[WhiteElo "2270"]
[BlackElo "2405"]
[PlyCount "44"]
[EventDate "1996.??.??"]
[EventType "team-swiss"]
[EventRounds "9"]
[EventCountry "ESP"]
[SourceTitle "EXT 1998"]
[Source "ChessBase"]
[SourceDate "1997.11.17"]
[SourceVersion "1"]
[SourceVersionDate "1997.11.17"]
[SourceQuality "1"]

1. e4 c5 2. Nf3 e6 3. d3 d5 4. Nbd2 Nf6 5. g3 b6 6. Bg2 Bb7 7. 0-0 Nc6 8. Re1 Be7 9. c3 Qc7 10. a4 0-0 11. e5 Nd7 12. Qe2 Rae8 13. Nf1 f6 14. Bh3 Ncxe5 15. Bxe6+ Kh8 16. d4 Bd8 17. Bf5 Nxf3+ 18. Qxf3 Rxe1 19. Bf4 Ne5 20. dxe5 Rxa1 21. Qh5 g6 22. Bxg6 Qg7 0-1

[Event "ESP-chT"]
[Site "Cordoba"]
[Date "1995.??.??"]
[Round "3"]
[White "Blazquez Gomez, Juan Carlos"]
[Black "Boado Rodriguez, Martin"]
[Result "1-0"]
[WhiteElo "2285"]
[BlackElo "2150"]
[PlyCount "101"]
[EventDate "1995.??.??"]
[EventType "team"]
[EventRounds "9"]
[EventCountry "ESP"]
[SourceTitle "EXT 2000"]
[Source "ChessBase"]
[SourceDate "1999.11.16"]
[SourceVersion "1"]
[SourceVersionDate "1999.11.16"]
[SourceQuality "1"]

1. e4 Nf6 2. Nc3 d5 3. exd5 Nxd5 4. Nxd5 Qxd5 5. d4 c5 6. Be3 cxd4 7. Qxd4 Qxd4 8. Bxd4 Nc6 9. Bc3 Bf5 10. 0-0-0 e6 11. f3 h5 12. Bb5 a6 13. Bxc6+ bxc6 14. Ne2 c5 15. Ng3 Bg6 16. Ne4 Rd8 17. Rxd8+ Kxd8 18. Rd1+ Kc7 19. Ba5+ Kc6 20. Rd8 Bxe4 21. fxe4 g6 22. Rc8+ Kb5 23. Bd2 Bg7 24. Rc7 Rf8 25. Be3 Bd4 26. Bxd4 cxd4 27. a4+ Kb6 28. Re7 Kc6 29. Kd2 Kd6 30. Ra7 Ke5 31. Kd3 Rb8 32. b3 Rc8 33. Rxf7 Rc3+ 34. Kd2 h4 35. Rg7 Kf6 36. Ra7 h3 37. gxh3 Rxh3 38. Rxa6 Ke5 39. Rc6 Rxh2+ 40. Ke1 g5 41. a5 g4 42. a6 Rh1+ 43. Ke2 Ra1 44. b4 Kxe4 45. Rxe6+ Kd5 46. Rb6 g3 47. Kf3 Ra3+ 48. Kg2 Ra2 49. Kxg3 Rxc2 50. Rb5+ Kd6 51. a7 1-0

[Event "St Feliu op"]
[Site "St Feliu"]
[Date "1994.??.??"]
[Round "1"]
[White "Blazquez Gomez, Juan Carlos"]
[Black "Martin Ojeda, Juan Manuel"]
[Result "1/2-1/2"]
[WhiteElo "2285"]
[BlackElo "2335"]
[PlyCount "109"]
[EventDate "1994.??.??"]
[EventType "swiss"]
[EventRounds "8"]
[EventCountry "ESP"]
[SourceTitle "EXT 1998"]
[Source "ChessBase"]
[SourceDate "1997.11.17"]
[SourceVersion "1"]
[SourceVersionDate "1997.11.17"]
[SourceQuality "1"]

1. d4 e6 2. Nf3 Nf6 3. g3 d5 4. c4 dxc4 5. Bg2 Be7 6. 0-0 0-0 7. Qc2 a6 8. a4 Nbd7 9. Qxc4 c5 10. dxc5 Nxc5 11. Nc3 b5 12. Qd4 Bd7 13. Nd2 Rb8 14. axb5 axb5 15. b4 Na4 16. Nxa4 bxa4 17. Rb1 Bb5 18. Qe5 Bd6 19. Qe3 Nd5 20. Qd4 Qf6 21. Qxf6 Nxf6 22. Re1 Nd5 23. Bxd5 exd5 24. Nf3 Bc4 25. Ba3 Bb3 26. Nd4 Bxb4 27. Bxb4 Rxb4 28. Nxb3 axb3 29. Red1 d4 30. Rb2 Rc8 31. Rdb1 Rcb8 32. Kf1 Kf8 33. Ke1 Ke7 34. Kd2 Kd6 35. Ra1 Kd5 36. Kd3 R8b7 37. Ra5+ R4b5 38. Ra4 Rb4 39. Ra5+ R7b5 40. Ra7 Rb7 41. Ra5+ Kd6 42. Ra6+ Ke7 43. Ra3 g6 44. Ra5 Rc7 45. Ra3 Rc3+ 46. Kd2 Kf6 47. h3 h5 48. Ra6+ Kg7 49. h4 f6 50. Ra7+ Kf8 51. Ra3 Ke7 52. e3 Rc2+ 53. Rxc2 dxe3+ 54. Kc1 bxc2 55. Rxe3+ 1/2-1/2

[Event "ESP-chT"]
[Site "Cala Galdana"]
[Date "1994.??.??"]
[Round "5"]
[White "Cuevas Rodriguez, Maria Luisa"]
[Black "Blazquez Gomez, Juan Carlos"]
[Result "0-1"]
[WhiteElo "2245"]
[BlackElo "2285"]
[PlyCount "74"]
[EventDate "1994.??.??"]
[EventType "team"]
[EventRounds "9"]
[EventCountry "ESP"]
[SourceTitle "EXT 1998"]
[Source "ChessBase"]
[SourceDate "1997.11.17"]
[SourceVersion "1"]
[SourceVersionDate "1997.11.17"]
[SourceQuality "1"]

1. d4 Nf6 2. c4 d5 3. Nf3 e6 4. g3 Be7 5. Bg2 0-0 6. 0-0 c6 7. Nbd2 Nbd7 8. Qc2 b6 9. e4 Ba6 10. e5 Ne8 11. Rd1 dxc4 12. Nxc4 Nc7 13. Nd6 Bxd6 14. exd6 Nd5 15. Qxc6 Be2 16. Re1 Bxf3 17. Bxf3 N7f6 18. b3 Rc8 19. Qa4 a5 20. Bb2 Rc2 21. Re2 Nc3 22. Bxc3 Rxc3 23. Re3 Rc2 24. Re2 Rxe2 25. Bxe2 Qxd6 26. Rc1 Nd5 27. Bf3 Ne7 28. Qc4 Qa3 29. Rc2 h6 30. Qb5 Qd6 31. Rc4 Rd8 32. Kg2 Nf5 33. Rc6 Qxd4 34. Rc7 Qd2 35. Qxb6 Qg5 36. Ra7 Nh4+ 37. Kf1 Nxf3 0-1

[Event "ESP-chT"]
[Site "Cala Galdana"]
[Date "1994.??.??"]
[Round "5"]
[White "Vilar Lopez, Monica"]
[Black "Blazquez Gomez, Juan Carlos"]
[Result "1-0"]
[WhiteElo "2145"]
[BlackElo "2285"]
[PlyCount "81"]
[EventDate "1994.??.??"]
[EventType "team"]
[EventRounds "9"]
[EventCountry "ESP"]
[SourceTitle "EXT 1998"]
[Source "ChessBase"]
[SourceDate "1997.11.17"]
[SourceVersion "1"]
[SourceVersionDate "1997.11.17"]
[SourceQuality "1"]

1. e4 e5 2. Nf3 Nf6 3. Nc3 Nc6 4. Bc4 Bc5 5. d3 h6 6. 0-0 0-0 7. Be3 Bd4 8. Bxd4 Nxd4 9. Nxe5 d6 10. Ng6 d5 11. Nxd5 Nxd5 12. Bxd5 c6 13. Bc4 b5 14. Nxf8 bxc4 15. Ng6 fxg6 16. dxc4 c5 17. c3 Nc6 18. Qd5+ Qxd5 19. cxd5 Ne5 20. Rfd1 g5 21. f3 Ba6 22. b4 c4 23. a4 Kf7 24. Kf2 Kf6 25. Ke3 h5 26. Rf1 Nd3 27. Kd4 Rc8 28. Ra2 Rc7 29. Rd1 Ne5 30. b5 Bc8 31. Rb2 Nd7 32. a5 g6 33. b6 axb6 34. axb6 Rb7 35. Kxc4 Rxb6 36. Rxb6+ Nxb6+ 37. Kd4 g4 38. c4 Nd7 39. f4 h4 40. c5 g5 41. fxg5+ 1-0